• 首页
  • 本馆介绍
  • 公告通知
  • 最新文献
  • 馆藏检索
  • 电子资源
  • 读者导购
  • 参考咨询
  • 我的图书馆
  • 登录
  • 详细信息显示
  • 放入我的书架
  • 预约/预借图书
  • 作者相关作品
  • 分类相关作品
  • 丛书相关作品
  • 出版社相关作品

书目信息

  • 表格格式
  • 工作单格式
  • 卡片格式
题名:
吃果
    
 
作者: gaatii光体 著
分册:  
出版信息: 重庆   重庆出版社  2022
页数: 199页
开本: 30cm
丛书名:
单 册:
中图分类: S63-49 , S66-49 , S63
科图分类:
主题词: 蔬菜--普及读物 , 水果--普及读物
电子资源:
ISBN: 978-7-229-16004-3
000 01159nam0 2200265 450
001 2230271119
005 20220930082447.38
010    @a978-7-229-16004-3@b精装@dCNY168.00
100    @a20220119d2022 em y0chiy50 ea
101 0  @achi
102    @aCN@b500000
105    @aa z 000yy
200 1  @a吃果@9chi guo@e24节气时令蔬果趣史@dFun facts about the fruits and vegetables in Chinese 24 solar terms@fgaatii光体著@zeng
210    @a重庆@c重庆出版社@d2022
215    @a199页@c彩图@d30cm
330    @a本书是一本介绍一年24节气中蔬果的种类以及如何食用的轻松科普类读物。本书根据24个节气分为24个章节,对每个节气中选取的数种蔬果进行分类介绍。书稿选取的蔬果均是生活常见且有代表性的品种,介绍的时候采用实物照片搭配手绘效果图的形式进行展示。文字部分则是对该蔬果的科目、产地、由来,如何挑选、如何清洗、如何食用,以及背后的传说故事展开介绍。
510 1  @aFun facts about the fruits and vegetables in Chinese 24 solar terms@zeng
606 0  @a蔬菜@j普及读物
606 0  @a水果@j普及读物
690    @aS63-49@v5
690    @aS66-49@v5
690    @aS63@v4
701  0 @agaatii光体@9gaatiiguang ti@4著
801  0 @aCN@b91MARC@c20220122
905    @aZUCC@dS63@e203
    
    吃果:24节气时令蔬果趣史=Fun facts about the fruits and vegetables in Chinese 24 solar terms/gaatii光体著.-重庆:重庆出版社,2022
    199页:彩图;30cm
    
    
    ISBN 978-7-229-16004-3(精装):CNY168.00
    本书是一本介绍一年24节气中蔬果的种类以及如何食用的轻松科普类读物。本书根据24个节气分为24个章节,对每个节气中选取的数种蔬果进行分类介绍。书稿选取的蔬果均是生活常见且有代表性的品种,介绍的时候采用实物照片搭配手绘效果图的形式进行展示。文字部分则是对该蔬果的科目、产地、由来,如何挑选、如何清洗、如何食用,以及背后的传说故事展开介绍。
●
相关链接 在五车中查询图书 在当当中查询图书 在豆瓣中查询图书


正题名:吃果     索取号:S63/203         预约/预借

序号 登录号 条形码 馆藏地/架位号 状态 备注
1 2000907997   2000907997   第三书库/ [索取号:S63/203] 在馆    
2 2000907998   2000907998   第三书库/ [索取号:S63/203] 在馆    
3 2000907999   2000907999   第三书库/ [索取号:S63/203] 在馆    
山东省滨州职业学院图书馆 欢迎您!
大连网信软件有限公司© 版权所有